Представление документа в формате RUSMARC

ПолеНазваниеЗначение
  Тип записи a
  Библиографический уровень m
001 Контрольный номер RU/REG73/CBS_GRAD2/669904381
005 Дата корректировки 20221122154851.3
010 Индекс ISBN __
a ISBN 978-5-94655-300-1
101 Язык документа __
a Язык текста rus
200 Заглавие и сведения об ответственности __
a Заглавие Симбирский-Ульяновский край в ритмах XX века.
e Сведения, относящиеся к заглавию Очерки истории
f Первые сведения об ответственности Областное государственное бюджетное учреждение научно-исследовательский институт истории и культуры Ульяновской области имени Н.М. Карамзина / под редакцией Н.В. Липатовой
b Общее обозначение материала Текст
203 Вид содержания и тип средства __
a Вид содержания Текст (визуальный) : непосредственный
210 Выходные данные __
a Место издания Ульяновск
c Издательство Издательство "Корпорация технологий продвижения"
d Дата издания 2016
215 Физическое описание __
a Объем 480 с.
c Иллюстрации/тип воспроизводства ил.
686 Индексы других классификаций __
a Классификационный индекс 63.3(2...)
801 Источник записи _0
a Страна RU
b Организация RuCBSGrad
g Правила каталогизации PSBO
801 Источник записи _1
a Страна RU
b Организация RuCBSGrad
g Правила каталогизации PSBO
901 Тип документа __
t Тип документа m
981 __
b i
g e
2 isbdcontent
982 __
b n
2 isbdmedia
993 __
a 61276
b 34605
e 269878
f ЦГБ
h 340.00
i 269878
m 1
n 44278
o I
p 340.00
x 1
y 6
z 63.3(2...)